Statistics for Name a Premier League Team A-Z

Click here to take the quiz!

General Stats

  • This quiz has been taken 382 times
  • The average score is 13 of 18

Answer Stats

Team% Correct
AArsenal, Aston Villa
98%
MManchester United, ...
96%
CCardiff, Charlton, ...
94%
LLeicester, Leeds, ...
94%
BBarnsley, Blackpool, ...
93%
WWimbledon, Watford, ...
86%
NNorwich, Newcastle, ...
84%
SSwindon, Swansea, ...
78%
EEverton
77%
QQueens Park
76%
TTottenham Hotspurs
72%
FFulham
69%
HHuddersfield, Hull
64%
IIpswich
63%
DDerby
55%
PPortsmouth, Pompey
53%
RReading
43%
OOldham
42%

Score Distribution

Percentile by Number Answered

Percent of People with Each Score

Your Score History

You have not taken this quiz